<?xml version="1.0" encoding="UTF-8"?>
<record
    xmlns:xsi="http://www.w3.org/2001/XMLSchema-instance"
    xsi:schemaLocation="http://www.loc.gov/MARC21/slim http://www.loc.gov/standards/marcxml/schema/MARC21slim.xsd"
    xmlns="http://www.loc.gov/MARC21/slim">

  <leader>01102nam a2200193 a 4500</leader>
  <controlfield tag="001">000045197</controlfield>
  <controlfield tag="005">20201002045946.0</controlfield>
  <controlfield tag="008">150210s2006    dr a          000 0 spa d</controlfield>
  <datafield tag="040" ind1=" " ind2=" ">
    <subfield code="a">DO-SdBNP</subfield>
    <subfield code="b">spa</subfield>
    <subfield code="c">BNPHU</subfield>
  </datafield>
  <datafield tag="082" ind1=" " ind2=" ">
    <subfield code="a">xxxx</subfield>
    <subfield code="b">xxxx</subfield>
  </datafield>
  <datafield tag="100" ind1="1" ind2=" ">
    <subfield code="a">Ortiz, Marina</subfield>
    <subfield code="9">10383</subfield>
  </datafield>
  <datafield tag="245" ind1="1" ind2="3">
    <subfield code="a">La peque&#xF1;a empresa :</subfield>
    <subfield code="b">diagn&#xF3;stico, retos y recomendaciones de pol&#xED;ticas /</subfield>
    <subfield code="c">Marina Ortiz, Rita Mena ; pr&#xF3;logo Onofre Rojas.</subfield>
  </datafield>
  <datafield tag="260" ind1=" " ind2=" ">
    <subfield code="a">Santo Domingo :</subfield>
    <subfield code="b">Oficina del Ordenador Nacional para los Fondos Europeos de Desarrollo,</subfield>
    <subfield code="c">2006.</subfield>
  </datafield>
  <datafield tag="300" ind1=" " ind2=" ">
    <subfield code="a">78 p :</subfield>
    <subfield code="b">il. ;</subfield>
    <subfield code="c">27 cm.</subfield>
  </datafield>
  <datafield tag="505" ind1="0" ind2=" ">
    <subfield code="a">Pr&#xF3;logo --</subfield>
    <subfield code="t">Introducci&#xF3;n --</subfield>
    <subfield code="t">An&#xE1;lisis de la situaci&#xF3;n econ&#xF3;mica --</subfield>
    <subfield code="t">Diagn&#xF3;stico de la peque&#xF1;a empresa --</subfield>
    <subfield code="t">El tratado de libre comercio y la peque&#xF1;a empresa --</subfield>
    <subfield code="t">Seguridad social y peque&#xF1;as empresas --</subfield>
    <subfield code="t">Lineamientos de pol&#xED;ticas p&#xFA;blicas para la peque&#xF1;a empresa dominicana --</subfield>
    <subfield code="t">Lista de gr&#xE1;ficos --</subfield>
    <subfield code="t">Lista de tablas --</subfield>
  </datafield>
  <datafield tag="700" ind1="1" ind2="2">
    <subfield code="a">Mena, Rita</subfield>
    <subfield code="9">65722</subfield>
  </datafield>
  <datafield tag="700" ind1="1" ind2="2">
    <subfield code="a">Rojas, Onofre,</subfield>
    <subfield code="e">pr&#xF3;l.</subfield>
    <subfield code="9">31119</subfield>
  </datafield>
  <datafield tag="710" ind1="2" ind2="2">
    <subfield code="a">Oficina del Ordenador Nacional para los Fondos Europeos de Desarrollo (ONFED), Rep&#xFA;blica Dominicana.</subfield>
    <subfield code="9">73211</subfield>
  </datafield>
  <datafield tag="952" ind1=" " ind2=" ">
    <subfield code="0">0</subfield>
    <subfield code="1">0</subfield>
    <subfield code="7">1</subfield>
    <subfield code="8">PD</subfield>
    <subfield code="a">PD</subfield>
    <subfield code="b">PD</subfield>
    <subfield code="c">CT</subfield>
    <subfield code="d">2015-02-10</subfield>
    <subfield code="i">LF1</subfield>
    <subfield code="l">0</subfield>
    <subfield code="o">xxxx xxxx</subfield>
    <subfield code="p">45197-10</subfield>
    <subfield code="r">2020-06-25</subfield>
    <subfield code="w">2020-06-25</subfield>
    <subfield code="y">LFPD</subfield>
    <subfield code="Z">No se presta</subfield>
  </datafield>
  <datafield tag="999" ind1=" " ind2=" ">
    <subfield code="c">44686</subfield>
    <subfield code="d">44686</subfield>
  </datafield>
</record>
